000 00409nam a2200181Ia 4500
005 20240913130139.0
008 240913s9999||||xx |||||||||||||| ||und||
041 _aENGLISH
082 _A629.892 M5
100 _aHunt Daniel V
245 0 _aSmart Robats
250 _a1st
260 _c1985
_bChapman,New York
500 _aREFERENCE
650 _aRobot
_bMechanical
942 _cREF
999 _c247074
_d247074